000 00705nam a2200289Ia 4500
005 20260324133011.0
008 008 260324s9999 xx 000 0 eng d
020 _a9781351148726
037 _aEBOOK
040 _aCRL
040 _beng
040 _cCRL
041 _2eng
041 _aeng
084 _qCRL
100 _aHoward M. Hensel
_91175399
245 0 _aSovereignty and the Global Community
245 4 _bThe Quest for Order in the International System
260 _bTaylor and Francis
260 _c2004
365 _a
365 _b145
856 _uhttp://www.taylorfrancis.com/books/9781351148726
942 _cEBOOK
999 _c1790052
_d1790052